000 00641nam a2200193 i 4500
001 35305
003 ES-MaACL
005 20230906155112.0
007 t|
008 030212s1966 sp |||| | spa d
100 1 _aBollain, Adolfo.
_929978
245 1 0 _aDesde la grada 8ª
_b: toros y toreros /
_cAdolfo Bollaín ; portada de José Antonio Bollaín ; prólogo de Luis Fernández Salcedo.
260 _aMadrid :
_b[s.n.,
_c1966] (
_fUguina)
300 _a310 p. ;
_c18 cm.
650 4 _aCorridas de toros.
_911370
700 1 _aBollaín, José Antonio.
_929980
700 1 _aFernández Salcedo, Luis.
_950061
852 _aES-MaACL
_jC-30452
999 _c35305
_d35305